Discurso sobre la nobleza y superioridad del sexo femenino / (Record no. 182437)

MARC details
000 -LEADER
campo de control de longitud fija 00841nam a2200205 i 4500
001 - NÚMERO DE CONTROL
campo de control 182437
003 - IDENTIFICADOR DE NÚMERO DE CONTROL
campo de control ES-MaACL
005 - FECHA Y HORA DE LA ÚLTIMA TRANSACCIÓN
campo de control 20251214063016.0
008 - DATOS DE LONGITUD FIJA--INFORMACIÓN GENERAL
campo de control de longitud fija 130814s2007 pn |||| | spa d
020 ## - NÚMERO INTERNACIONAL ESTÁNDAR DEL LIBRO
Número Internacional Estándar del Libro 978-9962-51-123-6
100 1# - ENTRADA PRINCIPAL--NOMBRE DE PERSONA
Nombre de persona Agrippa von Nettesheim, Heinrich Cornelius,
Fechas asociadas al nombre 1486-1535
9 (RLIN) 147833
245 10 - MENCIÓN DEL TÍTULO
Título Discurso sobre la nobleza y superioridad del sexo femenino /
Mención de responsabilidad, etc. escrito originalmente en latín por Henricus Cornelius Agrippa... ; versión en español de Demetrio Fábrega.
260 ## - PUBLICACIÓN, DISTRIBUCIÓN, ETC.
Lugar de publicación, distribución, etc. Panamá :
Nombre del editor, distribuidor, etc. Sibauste,
Fecha de publicación, distribución, etc. 2007.
300 ## - DESCRIPCIÓN FÍSICA
Extensión X, 38 p. ;
Dimensiones 27 cm.
600 17 - PUNTO DE ACCESO ADICIONAL DE MATERIA--NOMBRE DE PERSONA
Nombre de persona Agrippa von Nettesheim, Heinrich Cornelius,
Fechas asociadas al nombre 1486-1535.
Título de la obra De nobilitate et praecellentia foeminei sexus
9 (RLIN) 235772
700 1# - ENTRADA AGREGADA--NOMBRE PERSONAL
Nombre de persona Fábrega, Demetrio,
Fechas asociadas al nombre 1881-1932
9 (RLIN) 153253
852 ## - LOCALIZACIÓN
Ubicación ES-MaACL
Número de control de estantería 2324-F-21
942 ## - ELEMENTOS DE ENTRADA SECUNDARIOS (KOHA)
Fuente del sistema de clasificación o colocación Clasificación decimal universal
Holdings
Estatus retirado Estado de pérdida Estado de daño No para préstamo Colección Biblioteca de origen Biblioteca actual Ubicación en estantería Fecha de adquisición Fuente de adquisición Total de préstamos Signatura topográfica completa Código de barras Visto por última vez Precio de reemplazo Tipo de ítem Koha
        Colección de folletos Biblioteca del Ateneo de Madrid Biblioteca del Ateneo de Madrid Depósito folletos 14/08/2013     2324-F-21 1191717 23/02/2023 23/02/2023 Folleto